[Event "Druzynowe Mistrzostwa Polski II Liga"]
[Site "Szklarska Poreba"]
[Date "1899-12-30"]
[Round "7.43"]
[White "Molenda, Marcin"]
[Black "Piotrowski, Przemyslaw"]
[Result "1/2-1/2"]
[WhiteTitle "FM"]
[BlackTitle "k+"]
[WhiteElo "2411"]
[BlackElo "2324"]

1. d4 Nf6 2. Nf3 g6 3. c4 Bg7 4. g3 O-O 5. Bg2 d6 6. O-O c5 7. Nc3 Nc6 8. b3 cxd4
9. Nxd4 Nxd4 10. Qxd4 Be6 11. Bb2 Nd5 12. Qd2 Nxc3 13. Bxc3 Bxc3 14. Qxc3 Qc7
15. Rfd1 Rab8 16. Qe3 Qc5 17. Qxc5 dxc5 18. Rd2 Rfc8 19. Bd5 Bxd5 20. Rxd5 Kf8
21. e4 e6 22. Rd2 Rd8 23. Rad1 Ke7 24. e5 Rxd2 25. Rxd2 Rd8 26. Rxd8 Kxd8 27.
Kf1 Kc7 28. Ke2 a6 29. Kd3 Kc6 30. Kc3 b6 1/2-1/2

[Event "Druzynowe Mistrzostwa Polski II Liga"]
[Site "Szklarska Poreba"]
[Date "1899-12-30"]
[Round "7.44"]
[White "Fudalej, Michal"]
[Black "Czerw, Dawid"]
[Result "1/2-1/2"]
[WhiteTitle "FM"]
[BlackTitle "k"]
[WhiteElo "2200"]
[BlackElo "2260"]

1. e4 c5 2. Nc3 g6 3. g3 Bg7 4. Bg2 Nc6 5. d3 d6 6. Be3 Nf6 7. h3 Rb8 8. Qd2 h5
9. a4 Bd7 10. f4 a6 11. Nf3 b5 12. axb5 axb5 13. O-O b4 14. Ne2 Qc8 15. Kh2 O-O
16. f5 e5 17. Nh4 Kh7 18. Ng1 Nd4 19. Ngf3 Nxf3+ 20. Bxf3 Rh8 21. Bg5 Rf8 22.
Be2 Ra8 23. Rae1 b3 24. c3 Ra2 25. Rf2 c4 26. Bd1 d5 27. exd5 Nxd5 28. f6 Bh8
29. Rxe5 Nb6 30. Be3 Na4 31. Qc1 Re8 32. Rxe8 Qxe8 33. Bd4 Qe6 34. Nf5 gxf5 35.
Qg5 Rxb2 36. Qxh5+ Kg8 37. Qg5+ Kh7 38. Qh5+ Kg8 39. Qg5+ Kh7 40. Qh4+ Kg8 41.
Qg5+ 1/2-1/2

[Event "Druzynowe Mistrzostwa Polski II Liga"]
[Site "Szklarska Poreba"]
[Date "1899-12-30"]
[Round "7.45"]
[White "Hrtanek, Jiri"]
[Black "Fudalej, Grzegorz"]
[Result "1-0"]
[WhiteTitle "I"]
[BlackTitle "k"]
[WhiteElo "1986"]
[BlackElo "2121"]

1. d4 Nf6 2. c4 g6 3. Nc3 Bg7 4. e4 d6 5. h3 O-O 6. Bg5 h6 7. Be3 e5 8. d5 Nbd7
9. Bd3 Nh5 10. Nge2 Nc5 11. Bc2 f5 12. exf5 gxf5 13. Qd2 Qf6 14. O-O-O Na6 15.
g4 Nf4 16. Ng3 fxg4 17. Nce4 Qe7 18. hxg4 Bxg4 19. Rdg1 Bf3 20. Rxh6 Bxh6 21.
Nf5+ Kf7 22. Nxe7 Kxe7 23. Kb1 Rg8 24. Re1 Rg2 25. Ng3 Kf6 26. Bxf4 Bxf4 27. Qd3
1-0

[Event "Druzynowe Mistrzostwa Polski II Liga"]
[Site "Szklarska Poreba"]
[Date "1899-12-30"]
[Round "7.46"]
[White "Fiedorek, Michal"]
[Black "Rydzewski, Pawel"]
[Result "0-1"]
[WhiteTitle "I"]
[BlackTitle "I"]
[WhiteElo "2001"]
[BlackElo "1938"]

1. e4 e6 2. d4 d5 3. Nd2 c5 4. exd5 Qxd5 5. Ngf3 Nc6 6. Bc4 Qd8 7. Nb3 cxd4 8.
Nbxd4 Nxd4 9. Nxd4 Bc5 10. c3 Bxd4 11. cxd4 Nf6 12. O-O Bd7 13. d5 exd5 14. Re1+
Be6 15. Bb5+ Kf8 16. b3 h5 17. Bg5 Qa5 18. Bxf6 Qxb5 19. Qd4 Rh7 20. Be5 Qb6 21.
Qf4 Rc8 22. Rac1 Rh6 23. Bd6+ Kg8 24. Rxc8+ Bxc8 25. Re8+ Kh7 26. Qxf7 Rf6 27.
Qxh5+ Rh6 28. Qe5 Rf6 29. Qh5+ Rh6 30. Qe5 Rf6 31. Qg3 Qc6 32. Rxc8 Qxc8 33. Ba3
Qe6 34. Qh4+ Kg8 35. Qb4 Qe2 36. f3 Rg6 37. Qf8+ Kh7 38. g4 Rf6 39. Qc5 Qxf3 40.
Qc2+ Qe4 41. Qd1 Qe3+ 42. Kh1 Qf3+ 43. Qxf3 Rxf3 44. Kg2 Rd3 45. Bb4 Kg6 46. h4
a6 47. Kf2 Rd4 48. h5+ Kf7 49. h6 gxh6 50. a3 Rxg4 51. Kf3 Rxb4 52. axb4 Ke6 53.
Kf4 h5 54. b5 axb5 55. b4 Kf6 0-1

[Event "Druzynowe Mistrzostwa Polski II Liga"]
[Site "Szklarska Poreba"]
[Date "1899-12-30"]
[Round "7.47"]
[White "Galuszka, Tomasz"]
[Black "Maciol, Ryszard"]
[Result "1/2-1/2"]
[WhiteTitle "I"]
[BlackTitle "k"]
[WhiteElo "1895"]
[BlackElo "2134"]

1. e4 c5 2. Nf3 Nf6 3. Nc3 d6 4. d4 cxd4 5. Nxd4 e6 6. Bg5 Be7 7. f4 Nc6 8. Qd2
Qb6 9. O-O-O Bd7 10. Bb5 h6 11. Bxf6 gxf6 12. f5 Qc5 13. Rhe1 O-O-O 14. Na4 Qxd4
15. Qxd4 Nxd4 16. Bxd7+ Rxd7 17. Rxd4 Rg8 18. g3 Rg4 19. Red1 Rc7 20. Nc3 Rc5
21. fxe6 fxe6 22. R4d3 Rh5 23. h4 Rc5 24. a4 a6 25. b3 Kc7 26. Kd2 Kd7 27. Ke2
f5 28. exf5 Rxf5 29. Rf3 Re5+ 30. Kf2 d5 31. Re1 Bc5+ 32. Kf1 Bd6 33. Rxe5 Bxe5
34. Ne2 Kd6 35. Kf2 Rg7 36. Ke1 d4 37. Kd2 Kd5 38. Kd3 Rc7 39. Rf8 Bxg3 40. Rd8+
Ke5 41. Rxd4 Bh2 42. c4 Kf5 43. Ke3 e5 44. Rd8 Kg4 45. Rg8+ Kxh4 46. Ng1 Bxg1+
47. Rxg1 h5 48. Ke4 Rf7 49. Kxe5 Rf3 50. b4 Rb3 51. Kf4 Kh3 52. Rh1+ Kg2 53. Rxh5
Rxb4 54. Ke3 Rxc4 55. a5 Rc3+ 56. Kd4 Rb3 57. Kc4 Rb1 58. Rf5 Kg3 59. Rg5+ Kf4
60. Rh5 Ke4 61. Rg5 Rc1+ 62. Kb4 Kd4 63. Rg4+ Kd3 64. Rg3+ Kd4 1/2-1/2

[Event "Druzynowe Mistrzostwa Polski II Liga"]
[Site "Szklarska Poreba"]
[Date "1899-12-30"]
[Round "7.48"]
[White "Ryng, Malgorzata"]
[Black "Buchta, Agnieszka"]
[Result "1-0"]
[WhiteTitle "m"]
[BlackTitle "I++"]
[WhiteElo "2045"]
[BlackElo "1835"]

1. e4 c5 2. Nf3 e6 3. d4 cxd4 4. Nxd4 Qb6 5. Nb3 Qc7 6. Bd3 Nf6 7. O-O d5 8. Nc3
dxe4 9. Nxe4 Nxe4 10. Bxe4 Nd7 11. Qd4 e5 12. Qd3 Nf6 13. Qb5+ Nd7 14. Bd2 Bd6
15. Ba5 Qb8 16. Rad1 a6 17. Qd3 Be7 18. f4 h6 19. fxe5 Nxe5 20. Qg3 O-O 21. Bc3
Ng4 22. Rf3 Qxg3 23. Rxg3 Bf6 24. h3 Bxc3 25. Rxc3 Nf6 26. Bf3 Rb8 27. Rc7 Bf5
28. Nd4 Be4 29. Bxe4 Nxe4 30. Nf5 b6 31. Rd4 Nc5 32. Rg4 Ne6 33. Ra7 Ra8 34. Nxh6+
Kh7 35. Rxa8 Rxa8 36. Nxf7 Rc8 37. c3 Rc7 38. Ng5+ Nxg5 39. Rxg5 Rd7 40. Rf5 Rd1+
41. Rf1 Rd2 42. Rf2 Rd1+ 43. Kh2 Rd3 44. Re2 b5 45. Kg1 Rd6 46. Kf2 Rd3 47. Rc2
Kg6 48. Ke2 Rg3 49. Kd1 Kf5 50. Re2 g5 51. Kc2 Kf4 52. Kb3 Re3 53. Rd2 Kg3 54.
Kb4 Kh2 55. b3 Kg3 56. c4 bxc4 57. bxc4 Re4 58. Kc3 Re7 59. c5 Rc7 60. Kc4 Kf4
61. Re2 Kf5 62. Kd5 Ke4+ 63. Kxe4 1-0

[Event "Druzynowe Mistrzostwa Polski II Liga"]
[Site "Szklarska Poreba"]
[Date "1899-12-30"]
[Round "7.49"]
[White "Cichocki, Adam"]
[Black "Krzywda, Andrzej"]
[Result "1/2-1/2"]
[WhiteTitle "FM"]
[BlackTitle "k"]
[WhiteElo "2292"]
[BlackElo "2186"]

1. d4 Nf6 2. c4 e6 3. Nc3 Bb4 4. Nf3 d5 5. Bg5 h6 6. Bh4 dxc4 7. e3 b5 8. a3 Bxc3+
9. bxc3 Nbd7 10. Qb1 c6 11. Be2 Qa5 12. O-O Nd5 13. a4 Nxc3 14. Qe1 Nxe2+ 15.
Qxe2 Qb6 16. Ne5 Nxe5 17. dxe5 Ba6 18. f4 g5 19. fxg5 O-O-O 20. axb5 cxb5 21.
Rxf7 hxg5 22. Bf2 Bb7 23. e4 Qc6 24. Rxa7 Rd7 25. Rxd7 Qxd7 26. Bc5 Qh7 27. h3
Qxe4 28. Qxe4 Bxe4 29. Bd6 g4 30. hxg4 Rg8 31. Rc7+ Kd8 32. Rc5 Rxg4 33. Kf2 Rxg2+
34. Ke3 Bf5 35. Rxb5 c3 36. Rc5 c2 37. Bc7+ Ke8 38. Ba5 Kf7 39. Bd2 Kg6 40. Rc8
Rg3+ 41. Kf4 Rg4+ 42. Kf3 Rd4 43. Bc1 Rd1 44. Be3 Rd5 45. Kf4 Rb5 46. Bd2 Rb7
47. Rg8+ Kf7 48. Rc8 Ke7 49. Rc5 Kd7 50. Ke3 Rb1 51. Kd4 Rb3 52. Rc3 Rb4+ 53.
Rc4 Rb1 54. Rc5 Rh1 55. Ke3 Rh4 56. Kf2 Rd4 57. Be3 Ra4 58. Bc1 Rh4 59. Bd2 Rh2+
60. Ke3 Rh3+ 61. Kf4 Bh7 62. Bc1 Kd8 63. Bd2 Rh5 64. Bc1 Ke8 65. Bd2 Bd3 66. Ke3
Rh3+ 67. Kf4 Kf7 68. Kg4 Rh2 69. Be3 Kg6 70. Kg3 Rh1 71. Kg4 Rf1 72. Rc6 Bf5+
73. Kg3 Rh1 74. Rc5 Rh3+ 75. Kf4 Rh4+ 76. Kg3 Ra4 77. Rc6 Re4 78. Bf4 Re1 79.
Kf2 Rd1 80. Kf3 Rd3+ 81. Kf2 Rd4 82. Kg3 Ra4 83. Bc1 Be4 84. Rxe6+ Kf5 85. Rf6+
Kxe5 86. Rf8 Kd4 87. Rc8 Kd3 88. Kf2 Ra6 89. Rd8+ Kc3 90. Rc8+ Kb3 91. Ke3 Bg6
92. Rb8+ Ka2 93. Kd2 Rd6+ 94. Kc3 Rd3+ 95. Kc4 Rd1 96. Bh6 c1=Q+ 97. Bxc1 Rxc1+
98. Kd4 Rg1 99. Kc3 Rg3+ 100. Kd4 Bf7 101. Rb6 Bb3 102. Rb8 Kb2 103. Rc8 Rg2 104.
Rc7 Rd2+ 105. Ke3 Rd8 106. Rb7 Kc3 107. Re7 Bc4 108. Ke4 Rd6 109. Ke3 Rd1 110.
Re5 Bd5 111. Ke2 Rd4 112. Ke3 Bc4 113. Rc5 Rd3+ 114. Ke4 Rd1 115. Re5 Re1+ 116.
Kf4 Rf1+ 117. Ke3 Rh1 118. Re4 Bd3 119. Re5 Rh3+ 120. Kf4 Kd4 121. Re8 Bc4 122.
Re4+ Kd3 123. Re7 Bd5 124. Ke5 Rh5+ 125. Kf4 Kd4 126. Re1 Bc4 127. Re4+ Kd5 128.
Re8 Bb5 129. Rd8+ Ke6 130. Rd4 Bc6 131. Rd2 Rf5+ 132. Ke3 Ke5 133. Kd3 Bb5+ 134.
Kc3 Rf4 135. Rd8 Rf1 136. Rh8 Bc6 137. Rh5+ Kd6 138. Kd4 Rf4+ 139. Ke3 1/2-1/2

[Event "Druzynowe Mistrzostwa Polski II Liga"]
[Site "Szklarska Poreba"]
[Date "1899-12-30"]
[Round "7.50"]
[White "Zgadzaj, Rafal"]
[Black "Helis, Tadeusz"]
[Result "1-0"]
[WhiteTitle "k"]
[BlackTitle "FM"]
[WhiteElo "2099"]
[BlackElo "2233"]

1. Nf3 Nf6 2. g3 g6 3. b3 Bg7 4. Bb2 O-O 5. d4 d5 6. Bg2 c5 7. O-O cxd4 8. Nbd2
Re8 9. Bxd4 Nc6 10. Bb2 e5 11. e3 e4 12. Nd4 Ne5 13. h3 h5 14. a4 a6 15. Qe2 Bd7
16. Ba3 Nh7 17. c4 Ng5 18. cxd5 Bxh3 19. Bxh3 Nxh3+ 20. Kg2 Ng5 21. Nc4 Nef3 22.
Rad1 Bxd4 23. exd4 Qxd5 24. Qe3 f6 25. Rh1 Rad8 26. a5 Kg7 27. Bc5 Re6 28. Nb6
Rxb6 29. Bxb6 Rc8 30. Rc1 Rxc1 31. Rxc1 Qe6 32. Rh1 Qg4 33. Qf4 Qxf4 34. gxf4
Ne6 35. Rd1 Nxf4+ 36. Kh1 Nd5 37. Rc1 Kf7 38. Rc8 g5 39. Rb8 g4 40. Rxb7+ Ke6
41. Bc5 h4 42. Rb8 Kf7 43. Rf8+ Kg7 44. Re8 f5 45. Bd6 Kf7 46. Rf8+ Ke6 47. Be5
e3 48. fxe3 Nxe3 49. Rf6+ Ke7 50. Rxa6 g3 51. Rg6 Ng4 52. Kg2 Ne1+ 53. Kg1 Nf3+
54. Kg2 Ne1+ 55. Kh3 Nxe5 56. dxe5 f4 57. Kxh4 f3 58. Kxg3 1-0

[Event "Druzynowe Mistrzostwa Polski II Liga"]
[Site "Szklarska Poreba"]
[Date "1899-12-30"]
[Round "7.51"]
[White "Walkusz, Witoslaw"]
[Black "Sztwiertnia, Jan Krzysztof"]
[Result "1-0"]
[WhiteTitle "FM"]
[BlackTitle "k"]
[WhiteElo "2138"]
[BlackElo "2105"]

1. e4 e5 2. Nf3 Nc6 3. Bb5 Nf6 4. d3 d6 5. c3 g6 6. O-O a6 7. Bxc6+ bxc6 8. Re1
Bg7 9. d4 Nd7 10. Nbd2 O-O 11. Nc4 Nb6 12. Na5 Bd7 13. dxe5 dxe5 14. Be3 Qe7 15.
Qe2 Rfb8 16. b3 Be8 17. Nd2 Qe6 18. c4 Bf8 19. c5 Nd7 20. Rec1 Rb5 21. a4 Rbb8
22. Qc4 Qxc4 23. Rxc4 Nf6 24. h3 Rd8 25. Rac1 Rab8 26. Nf3 Nd5 27. exd5 cxd5 28.
R4c2 f6 29. Rd1 c6 30. Bc1 Kf7 31. Bb2 Bg7 32. g4 h6 33. Re2 Rdc8 34. Rde1 Bd7
35. Bxe5 fxe5 36. Nxe5+ Bxe5 37. Rxe5 Re8 38. Rxe8 Bxe8 39. Kg2 Rb4 40. Kg3 g5
41. f3 Bd7 42. h4 Kf6 43. hxg5+ hxg5 44. Rh1 d4 45. Rh6+ Ke5 46. Rd6 Be8 47. Rd8
d3 48. Rxe8+ Kd5 49. Rd8+ Kxc5 50. Rxd3 Rf4 51. Rc3+ Kb4 52. Rc4+ Rxc4 53. Nxc4
Kxb3 54. Nb6 Kb4 55. f4 gxf4+ 56. Kxf4 Ka5 57. Nd7 Kxa4 58. Nc5+ Kb5 59. Nxa6
Kxa6 60. g5 1-0

[Event "Druzynowe Mistrzostwa Polski II Liga"]
[Site "Szklarska Poreba"]
[Date "1899-12-30"]
[Round "7.52"]
[White "Malecki, Rafal"]
[Black "Rawski, Slawomir"]
[Result "0-1"]
[WhiteTitle "k+"]
[BlackTitle "FM"]
[WhiteElo "2006"]
[BlackElo "2164"]

1. e4 e6 2. d3 d5 3. Nd2 Nf6 4. Ngf3 b6 5. g3 Bb7 6. e5 Nfd7 7. Bg2 c5 8. O-O Nc6
9. Re1 g5 10. c4 Nb4 11. cxd5 Bxd5 12. Ne4 g4 13. Bg5 Qc7 14. Nfd2 Rg8 15. Bh4
Be7 16. a3 Nxd3 17. Nd6+ Kf8 18. Bxe7+ Kxe7 19. Bxd5 exd5 20. Nf5+ Ke6 21. Re3
Nxb2 22. Qc2 Rg5 23. Nd4+ Ke7 24. Nb5 Qc6 25. Qxb2 a6 26. f4 gxf3 27. Nxf3 d4
28. Nbxd4 cxd4 29. Qxd4 Rg6 30. Qh4+ Ke8 31. Qxh7 Nf8 32. Qh4 Rd8 33. Rae1 Qc5
34. Qe4 Ne6 35. Nh4 Ng5 36. Qg4 Rd4 37. Qh5 Rxh4 0-1

[Event "Druzynowe Mistrzostwa Polski II Liga"]
[Site "Szklarska Poreba"]
[Date "1899-12-30"]
[Round "7.53"]
[White "Mikulewicz, Joanna"]
[Black "Szajda, Marcin"]
[Result "1-0"]
[WhiteTitle "WFM"]
[BlackTitle "I++"]
[WhiteElo "2057"]
[BlackElo "2016"]

1. d4 Nf6 2. c4 g6 3. Nc3 Bg7 4. e4 d6 5. Nf3 O-O 6. Be2 Nbd7 7. O-O e5 8. Re1
Re8 9. d5 a5 10. Qc2 Nh5 11. Be3 Nf4 12. Bf1 b6 13. a3 Nf8 14. Qd2 Nh5 15. Nb5
f5 16. Bg5 Qd7 17. exf5 gxf5 18. Bh6 f4 19. Bxg7 Qxg7 20. Kh1 Bg4 21. Qc3 Nf6
22. h3 e4 23. Nh2 Bf5 24. Nxc7 N8d7 25. Nxe8 Rxe8 26. g4 Bg6 27. g5 Re5 28. gxf6
Nxf6 29. Bg2 f3 30. Bxf3 exf3 31. Rxe5 dxe5 32. Qxe5 Qf8 33. Rg1 Kf7 34. Nxf3
Be4 35. Qe6# 1-0

[Event "Druzynowe Mistrzostwa Polski II Liga"]
[Site "Szklarska Poreba"]
[Date "1899-12-30"]
[Round "7.54"]
[White "Chmiel, Dominika"]
[Black "Smarsz, Agata"]
[Result "0-1"]
[WhiteTitle "m"]
[BlackTitle "m"]
[WhiteElo "2123"]
[BlackElo "2102"]

1. e4 c5 2. Nf3 d6 3. d4 cxd4 4. Nxd4 Nf6 5. Nc3 a6 6. f3 e6 7. Be3 Nc6 8. Qd2
Be7 9. O-O-O Nxd4 10. Bxd4 b5 11. g4 e5 12. Be3 Be6 13. g5 Nh5 14. Rg1 O-O 15.
Nd5 Bxd5 16. Qxd5 g6 17. h4 Qc7 18. Rd2 Rfb8 19. Be2 Qb7 20. Qd3 a5 21. f4 Nxf4
22. Bxf4 exf4 23. h5 Qb6 24. Rg2 a4 25. hxg6 hxg6 26. Qh3 Bf8 27. Rd3 b4 28. Qg4
Bg7 29. Qxf4 b3 30. axb3 axb3 31. Rxd6 Bxb2+ 32. Kxb2 Ra2+ 33. Kc3 Qb4+ 34. Kd3
bxc2 35. Rc6 Ra3+ 36. Kxc2 Qb2+ 37. Kd1 Ra1+ 38. Rc1 Rxc1+ 39. Qxc1 Rd8+ 40. Bd3
Qxg2 41. Qe3 Ra8 42. Qd4 Qxg5 43. Bc4 Ra1+ 44. Kc2 Qc1+ 45. Kb3 Qd1+ 46. Qxd1
Rxd1 0-1

[Event "Druzynowe Mistrzostwa Polski II Liga"]
[Site "Szklarska Poreba"]
[Date "1899-12-30"]
[Round "7.55"]
[White "Lewtak, Damian"]
[Black "Snihur, Piotr"]
[Result "1-0"]
[WhiteTitle "m"]
[BlackTitle "k"]
[WhiteElo "2331"]
[BlackElo "2181"]

1. d4 Nf6 2. Bf4 d6 3. Nf3 Bf5 4. c3 Nbd7 5. h3 h6 6. e3 c6 7. Nbd2 Qc7 8. Bh2
e5 9. dxe5 Nxe5 10. Nxe5 dxe5 11. Qf3 Bg6 12. Qg3 Bd6 13. Nc4 O-O-O 14. O-O-O
Rhe8 15. Bd3 Bxd3 16. Rxd3 b5 17. Nxd6+ Rxd6 18. Rxd6 Qxd6 19. Rd1 Qe6 20. Qxg7
Ne4 21. f3 Nc5 22. Kb1 a5 23. e4 Kc7 24. Bg1 Nb7 25. Qg4 Nd6 26. Bc5 Nb7 27. Qxe6
Rxe6 28. Be3 Nd6 29. Bc5 Ne8 30. Kc2 Nf6 31. Be3 Ne8 32. Kd3 Rg6 33. g4 Rf6 34.
Ke2 Ng7 35. a4 bxa4 36. Ra1 c5 37. Rxa4 Kb6 38. b4 axb4 39. Rxb4+ Kc6 40. Rb8
Ne6 41. Rh8 Ng5 42. h4 Nxf3 43. g5 hxg5 44. hxg5 Ng1+ 45. Bxg1 Rf4 46. Be3 Rxe4
47. Rf8 Rc4 48. Kd3 Rg4 49. Rxf7 c4+ 50. Ke2 Kd5 51. Kf3 Rh4 52. Kg3 Rh8 53. Kg4
Ke4 54. Bc5 Rh2 55. Rf2 Rh1 56. Rg2 Kd5 57. g6 Rh8 58. g7 Rg8 59. Bf8 1-0

[Event "Druzynowe Mistrzostwa Polski II Liga"]
[Site "Szklarska Poreba"]
[Date "1899-12-30"]
[Round "7.56"]
[White "Nowak, Mikolaj"]
[Black "Reza, Wojciech"]
[Result "0-1"]
[WhiteTitle "I++"]
[BlackTitle "k++"]
[WhiteElo "2088"]
[BlackElo "2277"]

1. d4 Nf6 2. Nf3 e6 3. c4 c5 4. d5 exd5 5. cxd5 d6 6. Nc3 g6 7. g3 Bg7 8. Bg2 O-O
9. O-O Re8 10. Nd2 Nbd7 11. a4 a6 12. Nc4 Nb6 13. Na3 Bf5 14. f3 Qc7 15. e4 Bd7
16. Re1 Nc8 17. Bf4 Rb8 18. Bf1 Nh5 19. Be3 f5 20. Bd3 fxe4 21. fxe4 Nf6 22. Bf4
Ng4 23. a5 Bd4+ 24. Kg2 Nf2 25. Qc2 Bh3+ 26. Kf3 Bg4+ 27. Kg2 Qf7 28. Ne2 Bh3+
29. Kf3 Bg4+ 30. Kg2 Bh3+ 31. Kf3 Nxd3 32. Qxd3 Bxb2 33. Ke3 Bxa1 34. Rxa1 g5
35. Rg1 Bf5 36. Nc3 gxf4+ 37. gxf4+ Bg6 38. Nc4 Qf6 39. e5 dxe5 40. fxe5 Rxe5+
41. Nxe5 Qxe5+ 42. Kf2 Qxh2+ 43. Rg2 Qxg2+ 0-1

[Event "Druzynowe Mistrzostwa Polski II Liga"]
[Site "Szklarska Poreba"]
[Date "1899-12-30"]
[Round "7.57"]
[White "Rymaszewski, Dariusz"]
[Black "Szadkowski, Krzysztof"]
[Result "0-1"]
[WhiteTitle "k"]
[BlackTitle "k"]
[WhiteElo "2150"]
[BlackElo "2130"]

1. Nf3 Nf6 2. g3 g6 3. Bg2 Bg7 4. O-O O-O 5. d3 c5 6. e4 Nc6 7. Nc3 d5 8. h3 dxe4
9. dxe4 Qb6 10. Nd5 Nxd5 11. exd5 Rd8 12. Nd2 Nb4 13. Nc4 Qa6 14. Ne3 e6 15. a3
exd5 16. Bd2 Nc6 17. Nxd5 Bxb2 18. Rb1 Be5 19. f4 Bd4+ 20. Kh2 Qc4 21. Nc7 Be3
22. Bxe3 Rxd1 23. Rfxd1 Rb8 24. Bxc6 bxc6 25. Rd8+ Kg7 26. Ne8+ Kh6 27. f5+ g5
28. Re1 Qxc2+ 29. Rd2 Qxf5 30. g4 Qe5+ 31. Kg2 Be6 32. h4 Bd5+ 33. Rxd5 Qxd5+
34. Kg1 Rb2 0-1

[Event "Druzynowe Mistrzostwa Polski II Liga"]
[Site "Szklarska Poreba"]
[Date "1899-12-30"]
[Round "7.58"]
[White "Matlewski, Adam"]
[Black "Renkowski, Piotr"]
[Result "0-1"]
[WhiteTitle "I"]
[BlackTitle "k"]
[WhiteElo "1825"]
[BlackElo "2102"]

1. d4 d5 2. c4 c6 3. Nf3 Nf6 4. cxd5 cxd5 5. Nc3 Nc6 6. a3 Bg4 7. Bg5 Ne4 8. Nxe4
dxe4 9. d5 exf3 10. exf3 Bd7 11. dxc6 Bxc6 12. Bc4 Qxd1+ 13. Rxd1 e6 14. Ke2 Be7
15. Bxe7 Kxe7 16. Rd4 Rhd8 17. Rhd1 Rxd4 18. Rxd4 Rc8 19. Bb3 e5 20. Rd2 f6 21.
Bc2 g6 22. Be4 f5 23. Bb1 Bb5+ 24. Ke1 Bf1 25. Kxf1 Rc1+ 26. Ke2 Rxb1 27. g3 g5
28. f4 exf4 29. gxf4 g4 30. f3 h5 31. fxg4 fxg4 32. Kf2 h4 33. Ke3 Ke6 34. Rc2
Re1+ 35. Kd4 Kf5 36. Rc7 g3 37. hxg3 hxg3 38. Rf7+ Kg4 39. f5 g2 40. Rg7+ Kf3
41. f6 g1=Q+ 42. Rxg1 Rxg1 43. f7 Rd1+ 44. Ke5 Rd8 45. Kd4 0-1

[Event "Druzynowe Mistrzostwa Polski II Liga"]
[Site "Szklarska Poreba"]
[Date "1899-12-30"]
[Round "7.59"]
[White "Czerniawski, Marek"]
[Black "Leskiewicz, Ignacy"]
[Result "0-1"]
[WhiteTitle "k"]
[BlackTitle "I+"]
[WhiteElo "2035"]
[BlackElo "1770"]

1. c4 Nf6 2. Nc3 g6 3. g3 Bg7 4. Bg2 d6 5. Nf3 O-O 6. O-O Nc6 7. Rb1 e5 8. b4 Nh5
9. b5 Ne7 10. d4 Bf5 11. e4 Be6 12. Nd5 f5 13. Ng5 Bd7 14. dxe5 Bxe5 15. f4 Bg7
16. e5 h6 17. Nf3 Nc8 18. Re1 Re8 19. Bb2 Kh7 20. a4 Be6 21. Qc2 c6 22. Ne3 cxb5
23. axb5 dxe5 24. Nxe5 Nd6 25. Rbd1 Qc7 26. Ba3 Rad8 27. Bxd6 Rxd6 28. c5 Rxd1
29. Nxd1 Nf6 30. c6 Nd5 31. Qc5 bxc6 32. Qxc6 Qb6+ 33. Qxb6 Nxb6 34. Bc6 Bd7 35.
Kf1 Bxc6 36. Nxc6 Ra8 37. Re7 a6 38. Rb7 Nc4 39. b6 Rc8 40. Rc7 Nxb6 41. Rxc8
Nxc8 42. Ne3 Nb6 43. Ke2 Kg8 44. g4 fxg4 45. Nxg4 Kf7 46. Kd3 Nd5 47. Kc4 Nxf4
48. Kc5 Ke6 49. Kb6 Kf5 50. Nf2 Nd5+ 51. Kxa6 Kf4 52. Kb5 Kf3 53. Nd3 Nf4 54.
Nxf4 Kxf4 55. Kc4 h5 56. Kd3 Kf3 57. Ne7 g5 58. h3 Bf6 59. Nf5 h4 60. Nd6 Kg2
61. Ne4 Bd8 62. Ke2 g4 63. hxg4 h3 0-1

[Event "Druzynowe Mistrzostwa Polski II Liga"]
[Site "Szklarska Poreba"]
[Date "1899-12-30"]
[Round "7.60"]
[White "Pastuszko, Kinga"]
[Black "Czaplewska, Klara"]
[Result "0-1"]
[WhiteTitle "k+"]
[BlackTitle "k+"]
[WhiteElo "1971"]
[BlackElo "1880"]

1. e4 e5 2. Nf3 Nf6 3. Nc3 Nc6 4. a3 d6 5. Bb5 Bg4 6. d3 a6 7. Bxc6+ bxc6 8. h3
Bh5 9. Ne2 Bxf3 10. gxf3 g6 11. f4 exf4 12. Bxf4 Bg7 13. Qd2 Rb8 14. c3 d5 15.
e5 Nh5 16. Bg5 Qd7 17. O-O-O Bxe5 18. f4 Bg7 19. Qe3+ Qe6 20. Qa7 O-O 21. Rde1
Qc8 22. Nd4 Rb6 23. Be7 Qb8 24. Qxb8 Rfxb8 25. Ne2 Rxb2 26. Bb4 Ra2 27. d4 Re8
28. Kd1 Re4 29. Rhf1 f5 30. Bc5 Bf8 31. Nc1 Rh2 32. Bxf8 Kxf8 33. Nd3 Rxh3 34.
Nc5 Rxe1+ 35. Rxe1 Nxf4 0-1

[Event "Druzynowe Mistrzostwa Polski II Liga"]
[Site "Szklarska Poreba"]
[Date "1899-12-30"]
[Round "7.61"]
[White "Voloshin, Leonid"]
[Black "Daniluk, Jerzy"]
[Result "1-0"]
[WhiteTitle "GM"]
[BlackTitle "k"]
[WhiteElo "2345"]
[BlackElo "2088"]

1. d4 g6 2. e4 Bg7 3. Nc3 c6 4. Nf3 d5 5. h3 Nf6 6. Bd3 dxe4 7. Nxe4 Nxe4 8. Bxe4
Nd7 9. c3 Qc7 10. O-O O-O 11. Re1 c5 12. Bc2 cxd4 13. Nxd4 Nc5 14. Be3 a6 15.
Nf3 b6 16. Bd4 Rd8 17. Qe2 Ra7 18. Rad1 Bxd4 19. cxd4 Ne6 20. Bb3 Nf4 21. Qe4
Be6 22. Ne5 Bxb3 23. axb3 Nd5 24. Rc1 Qd6 25. Nc6 Rad7 26. Nxd8 Rxd8 27. Red1
Qf6 28. Rc4 Qg5 29. Rdc1 Rd6 30. Qe5 f5 31. Rc8+ Kf7 32. Qh8 Nf6 33. Qf8+ Ke6
34. Re1+ 1-0

[Event "Druzynowe Mistrzostwa Polski II Liga"]
[Site "Szklarska Poreba"]
[Date "1899-12-30"]
[Round "7.62"]
[White "Lisowski, Krzysztof"]
[Black "Maj, Pawel"]
[Result "1/2-1/2"]
[WhiteTitle "k"]
[BlackTitle "k"]
[WhiteElo "2043"]
[BlackElo "2070"]

1. e4 c5 2. Nf3 d6 3. Bb5+ Nd7 4. d4 Ngf6 5. e5 cxd4 6. Qxd4 dxe5 7. Nxe5 a6 8.
Bxd7+ Bxd7 9. Nxd7 Qxd7 10. Qxd7+ Nxd7 11. b3 e6 12. Bb2 Rc8 13. c3 Bc5 14. Nd2
Nf6 15. Ke2 Ke7 16. Rhd1 Rhd8 17. c4 Rd7 18. Nf3 Rcd8 19. Rxd7+ Rxd7 20. Ne5 Rd8
21. Nd3 Bd6 22. f4 Nd7 23. Rd1 f6 24. g3 Nc5 25. Nxc5 Bxc5 26. Rxd8 Kxd8 27. g4
Bd6 28. Kf3 Ke7 29. h3 g6 30. Ke4 f5+ 31. Kf3 Kd7 32. Bd4 Kc6 33. Ke3 b5 34. cxb5+
axb5 35. a4 bxa4 36. bxa4 Bc7 37. Bc3 Kd5 38. Bd2 fxg4 39. hxg4 h5 40. Ke4+ Ke5+
1/2-1/2

[Event "Druzynowe Mistrzostwa Polski II Liga"]
[Site "Szklarska Poreba"]
[Date "1899-12-30"]
[Round "7.63"]
[White "Kosiorek, Przemyslaw"]
[Black "Migala, Andrzej"]
[Result "1/2-1/2"]
[WhiteTitle "I+"]
[BlackTitle "I++"]
[WhiteElo "1980"]
[BlackElo "2021"]

1. e4 c5 2. c3 e5 3. Nf3 Nc6 4. Bc4 Qc7 5. O-O Nf6 6. Ng5 Nd8 7. f4 h6 8. Nf3 d6
9. d3 Be7 10. Qe1 exf4 11. Bxf4 Be6 12. Nbd2 O-O 13. e5 Nh5 14. exd6 Bxd6 15.
Bxd6 Qxd6 16. Ne4 Qe7 17. Ne5 Bxc4 18. Nxc4 Ne6 19. Qe3 g5 20. Ncd6 Nef4 21. g3
f5 22. gxf4 fxe4 23. Nxe4 Nxf4 24. Qxc5 Qxc5+ 25. Nxc5 b6 26. Na6 Nxd3 27. b3
Rac8 28. c4 Nf4 29. Rad1 Rcd8 30. Nc7 Rxd1 1/2-1/2

[Event "Druzynowe Mistrzostwa Polski II Liga"]
[Site "Szklarska Poreba"]
[Date "1899-12-30"]
[Round "7.64"]
[White "Jedra, Waldemar"]
[Black "Koziol, Pawel"]
[Result "0-1"]
[WhiteTitle "I"]
[BlackTitle "I++"]
[WhiteElo "2020"]
[BlackElo "1910"]

1. c4 e5 2. Nc3 Nf6 3. g3 d5 4. cxd5 Nxd5 5. Bg2 Nb6 6. Nf3 Nc6 7. O-O Be7 8. a3
O-O 9. b4 Be6 10. Rb1 f6 11. d3 a5 12. b5 Nd4 13. Nd2 Qc8 14. e3 Nf5 15. Qc2 Rf7
16. Nce4 Nd7 17. Ng5 0-1

[Event "Druzynowe Mistrzostwa Polski II Liga"]
[Site "Szklarska Poreba"]
[Date "1899-12-30"]
[Round "7.65"]
[White "Szymczak, Rafal"]
[Black "Kupryjaniuk, Tomasz"]
[Result "0-1"]
[WhiteTitle "k"]
[BlackTitle "I"]
[WhiteElo "1956"]
[BlackElo "1844"]

1. f4 d5 2. Nf3 g6 3. g3 Bg7 4. Bg2 Nh6 5. O-O O-O 6. d3 c6 7. c3 Qb6+ 8. e3 Nd7
9. d4 Nf5 10. Qb3 Nd6 11. Qxb6 Nxb6 12. Nbd2 f6 13. b3 Re8 14. Ba3 Nf7 15. Rae1
e5 16. fxe5 fxe5 17. e4 Bg4 18. h3 Bxf3 19. Nxf3 dxe4 20. Rxe4 exd4 21. Nxd4 Rxe4
22. Bxe4 Re8 23. Bf3 Re3 24. Bb2 Ng5 25. Kg2 Nd5 26. Bxd5+ cxd5 27. Bc1 Rxc3 28.
Bxg5 Bxd4 29. Bh6 Bg7 30. Bxg7 Kxg7 31. Rd1 Rc2+ 32. Kf3 Rxa2 33. Rxd5 b6 34.
Rd7+ Kf6 35. Rxh7 Ra3 36. Kg2 a5 37. b4 axb4 38. Rh4 Ra4 39. Rc4 b5 40. Rc6+ Kg7
41. Rc7+ Kh6 42. Rc5 Ra5 43. Kf3 b3 44. Rc1 b2 45. Rb1 Ra3+ 46. Kf4 Rb3 47. g4
g5+ 48. Kf5 Rf3+ 49. Ke4 Rf2 50. Ke3 Rh2 51. Ke4 Kg6 52. Kd5 Rf2 53. Ke6 Re2+
54. Kd5 Kf6 55. Rf1+ Ke7 56. Rb1 Kd7 57. Kd4 Kd6 58. Kd3 Rh2 59. Kd4 Kc6 60. Kc3
Kc5 61. Re1 Kd5 62. Kb3 Kd4 63. Ka2 Kc3 64. Re6 Rxh3 65. Rc6+ Kb4 66. Rg6 b1=Q+
67. Kxb1 Kb3 68. Kc1 Rc3+ 69. Kd2 Rc5 70. Rf6 Rd5+ 71. Ke3 Kc4 72. Ke4 b4 73.
Rf1 Rd4+ 74. Ke3 Rxg4 75. Kd2 Rg2+ 76. Kc1 g4 77. Rf8 Kb3 78. Rb8 g3 79. Rg8 Rg1+
80. Kd2 g2 81. Rg3+ Ka4 82. Kc2 Ra1 0-1